Science Quiz

Random Science or Elements Quiz

Element-Ception Quiz Stats

 Plays Quiz Updated May 11, 2019

Score 0/6 Timer 10:00
1 Play Today
Element % Correct
Ytterbium
60.2%
Actinium
55.2%
Astatine
52.5%
Terbium
50.1%
Protactinium
45.1%
Platinum
41.6%

You're not logged in!

Compare scores with friends on all Sporcle quizzes.
OR
Log In

Sporcle TV

Today on Sporcle TV


Watch our educational content, quiz creation guides, and fun videos on Sporcle TV.

Show Comments

Extras

Top Quizzes Today


Score Distribution

Your Account Isn't Verified!

In order to create a playlist on Sporcle, you need to verify the email address you used during registration. Go to your Sporcle Settings to finish the process.

Report this User

Report this user for behavior that violates our Community Guidelines.

Details: